| 000 | 01481cam a22004217a 4500 | ||
|---|---|---|---|
| 001 | 000092816 | ||
| 003 | CHAP | ||
| 005 | 20220329142906.0 | ||
| 008 | 050114d2004 mx a r 00110 spa d | ||
| 010 | _a89282 | ||
| 011 | _a90254 | ||
| 035 | _a100810 | ||
| 040 | _cCHAP | ||
| 090 | _aTesis | ||
| 100 | 0 | 0 |
_aMartínez Rojo, Jocepascual. _972484 |
| 245 | 1 | 0 |
_aRespuestas morfogénicas de Petiveria alliacea L. cultivada in vitro / _c/por Jocepascual Martínez Rojo. |
| 260 |
_aChapingo, Méx. : _bEl autor, _c2004. |
||
| 300 |
_a64 h. : _bilus. ; gráfs. |
||
| 502 | _aTesis (Ing. Agr. Esp. en Fitotecnia) - - UACH. Departamento de Fitotecnia | ||
| 590 |
_aALEPH _b10 _c20130110 _lUCH01 _h1502 |
||
| 590 |
_aBATCH-UPD _b10 _c20130110 _lUCH01 _h0434 |
||
| 590 |
_aBATCH-UPD _b10 _c20130410 _lUCH01 _h0109 |
||
| 590 |
_aBATCH-UPD _b10 _c20130914 _lUCH01 _h0742 |
||
| 590 |
_aBATCH-UPD _b10 _c20140324 _lUCH01 _h1447 |
||
| 590 |
_aBATCH-UPD _b10 _c20141002 _lUCH01 _h0824 |
||
| 590 |
_aCONVERSION _b10 _c20130109 _lUCH01 _h1349 |
||
| 590 |
_aE792CSJ _b10 _c20130627 _lUCH01 _h1129 |
||
| 650 | 1 | 4 |
_aBotánica médica. _914680 |
| 650 | 1 | 4 |
_aCultivo de tejidos. _930213 |
| 650 | 1 | 4 |
_aPetiveria alliacea. _987639 |
| 856 |
_3Finding aid _uhttp://10.13.5.2/tesis/100810.pdf _zTeclea aquí |
||
| 901 | _aBK | ||
| 905 | _aLilia | ||
| 942 | _cCD | ||
| 942 | _n0 | ||
| 949 |
_aTesis _bBC _cTES _d100810 _eTS1 _h43146 _i100810 _sb |
||
| 949 |
_aTesis _bBC _cTES _d33724000931994 _eTS2 _fc.2 _h43147 _i100810 _si |
||
| 999 |
_c89282 _d89282 |
||